Franz-Beckenbauer-Supercup - Statistiken

Allgemein
  • Dieses Quiz wurde 217 mal gespielt
    93 seit der letzten Aktualisierung
  • Das Durchschnittsergebnis liegt bei 24 aus 26
Antwortstatistiken
Jahr Sieger % Korrekt
1987 FC Bayern München
100%
1990 FC Bayern München
100%
2010 FC Bayern München
100%
2012 FC Bayern München
100%
2016 FC Bayern München
100%
2017 FC Bayern München
100%
2018 FC Bayern München
100%
2020 FC Bayern München
100%
2021 FC Bayern München
100%
2022 FC Bayern München
100%
2025 FC Bayern München
100%
2024 Bayer 04 Leverkusen
98%
2023 RB Leipzig
98%
1989 Borussia Dortmund
95%
1995 Borussia Dortmund
95%
1996 Borussia Dortmund
95%
2013 Borussia Dortmund
95%
2014 Borussia Dortmund
95%
2019 Borussia Dortmund
95%
2015 VfL Wolfsburg
94%
1992 VfB Stuttgart
88%
2011 FC Schalke 04
83%
1988 Werder Bremen
79%
1993 Werder Bremen
79%
1994 Werder Bremen
79%
1991 1. FC Kaiserslautern
74%
Keine übereinstimmenden Quizze gefunden
Verteilung der Resultate
Anzahl Personen mit jedem Resultat
Perzentil nach korrekt beantworteten Fragen
Ihre Resultats-Entwicklung
Sie haben dieses Quiz seit der letzten Aktualisierung nicht gespielt